[Event "Canadian op"]
[Site "Laval"]
[Date "2024.07.13"]
[Round "1"]
[White "Gelet, Seymour"]
[Black "Koop, Alison Emily"]
[Result "1-0"]
[WhiteElo "1980"]
[BlackElo "1683"]
[PlyCount "55"]
[EventDate "2024.07.13"]
[EventType "swiss"]
[EventRounds "9"]
[EventCountry "CAN"]
[SourceTitle "EXT 2025"]
[Source "ChessBase"]
[SourceDate "2024.10.14"]
[SourceVersion "1"]
[SourceVersionDate "2024.10.14"]
[SourceQuality "1"]

1. d4 d5 2. c4 c6 3. Nf3 Nf6 4. e3 e6 5. Nbd2 Be7 6. Bd3 Nbd7 7. 0-0 0-0 8. e4 dxc4 9. Nxc4 b5 10. Ne3 Bb7 11. e5 Ne8 12. Qc2 h6 13. Be4 Rc8 14. Rd1 Ba8 15. Qe2 Nc7 16. Bc2 f5 17. exf6 Nxf6 18. Ne5 Ncd5 19. N3g4 Qd6 20. Bxh6 gxh6 21. Nxh6+ Kg7 22. Qd3 Nf4 23. Qg3+ Kxh6 24. Qxf4+ Kg7 25. Qg5+ Kh8 26. Qh6+ Kg8 27. Qg6+ Kh8 28. Rd3 1-0